Word Ladder: Ballot Reminder Quiz Stats

 Plays Quiz Updated Nov 6, 2012

Support Sporcle.
Go Orange.
Score 0/31 Timer 04:00
5 Plays Today
Clue 4-Letter Word % Correct
Santa lives at the North onePOLE
98.3%
Half off, perhapsSALE
96.5%
Much derided 'common' method of educationCORE
95.4%
Wine bottle stopperCORK
95.3%
Ashen in complexionPALE
94.8%
A Japanese rice wineSAKE
94%
Create something new★ MAKE ★
93.9%
Cast a ballot★ VOTE ★
93.2%
The Y in DKNYYORK
93%
Dinner with a love interestDATE
92.3%
Completed★ DONE ★
91.5%
Doorway in a fenceGATE
90.7%
A skin openingPORE
90.3%
Someone from CopenhagenDANE
89.6%
Second person possessive★ YOUR ★
88%
Band's scheduleTOUR
86.7%
Clue 4-Letter Word % Correct
AchySORE
86.5%
Dove's homeCOTE
86.2%
A pigmented skin spotMOLE
85.7%
RippedTORE
84.8%
A small field rodentVOLE
82.3%
Traditional knowledgeLORE
80.5%
Former Red Sox player Kevin, for shortYOUK
79.8%
Confident★ SURE ★
78.6%
A worm, in fishingLURE
78.2%
A unit of pressureTORR
73.5%
Gangsters' gunsGATS
69.7%
Prepares or understands★ GETS ★
69.6%
Citi Field playersMETS
68.6%
A speck of dustMOTE
65.9%
Dole outMETE
59.9%

Today's Daily Dose

Missing Word
Candy Slogans

Quick Pick
Batman's Robins

Get the Picture
Streaming Services

From the Vault

States of Mexico

by Derek

Hola!! Before this quiz the only thing I could tell you about Mexico was that it was North of Detroit!!
Remove Ads.
Support Sporcle.
Get the best of Sporcle when you Go Orange. This ad-free experience offers more features, more stats, and more fun while also helping to support Sporcle. Thank you for becoming a member.

Show Comments

Extras

Top Quizzes Today


Score Distribution

Your Account Isn't Verified!

In order to create a playlist on Sporcle, you need to verify the email address you used during registration. Go to your Sporcle Settings to finish the process.

Report this User

Report this user for behavior that violates our Community Guidelines.

Details: